Outsourcing Institute (Record no. 120240)

MARC details
000 -LEADER
fixed length control field 00727cam a2200193 4500
001 - CONTROL NUMBER
control field WS121389
008 - FIXED-LENGTH DATA ELEMENTS--GENERAL INFORMATION
fixed length control field 030218n 000 0 eng u
035 ## - SYSTEM CONTROL NUMBER
System control number (Sirsi) u121389
110 ## - MAIN ENTRY--CORPORATE NAME
Corporate name or jurisdiction name as entry element Outsourcing Institute
9 (RLIN) 4412
245 ## - TITLE STATEMENT
Title Outsourcing Institute
520 ## - SUMMARY, ETC.
Summary, etc. Web site for this global professional association dedicated to promoting outsourcing. Includes pages for buyers, providers and influencers. Gives access to a help desk for questions.
650 ## - SUBJECT ADDED ENTRY--TOPICAL TERM
Topical term or geographic name entry element OUTSOURCING
650 ## - SUBJECT ADDED ENTRY--TOPICAL TERM
Topical term or geographic name entry element ORGANISATION
650 ## - SUBJECT ADDED ENTRY--TOPICAL TERM
Topical term or geographic name entry element UNITED STATES
650 ## - SUBJECT ADDED ENTRY--TOPICAL TERM
Topical term or geographic name entry element INTERNATIONAL
690 ## - LOCAL SUBJECT ADDED ENTRY--TOPICAL TERM (OCLC, RLIN)
Topical term or geographic name as entry element MANAGEMENT-FACILITIES MANAGEMENT
856 40 - ELECTRONIC LOCATION AND ACCESS
Uniform Resource Identifier <a href="https://www.outsourcing.com">https://www.outsourcing.com</a>
Public note View the website free of charge at www.outsourcing.com...
942 ## - ADDED ENTRY ELEMENTS (KOHA)
Suppress in OPAC 0
Holdings
Withdrawn status Lost status Source of classification or shelving scheme Damaged status Not for loan Home library Current library Shelving location Date acquired Total Checkouts Full call number Barcode Date last seen Copy number Price effective from Koha item type
    Dewey Decimal Classification     Virtual Virtual Online 18/02/2003   WEB SITE 121389-2001 06/08/2019 1 06/08/2019 Online material